|
|
|
|
| LEADER |
02368cam a2200613 i 4500 |
| 001 |
nkc20142538347 |
| 003 |
CZ PrNK |
| 005 |
20160122085040.0 |
| 007 |
ta |
| 008 |
140110s2013 xr abche 000 0acze |
| 015 |
|
|
|a cnb002538347
|
| 020 |
|
|
|a 978-80-7422-267-2
|q (váz.) :
|c Kč 429,00
|
| 035 |
|
|
|a (OCoLC)870289916
|
| 040 |
|
|
|a ABA001
|b cze
|
| 043 |
|
|
|a e-xr---
|a cl-----
|
| 045 |
|
|
|a x6y1
|
| 072 |
|
7 |
|a 91
|x Geografie jako věda. Výzkum. Cestování
|2 Konspekt
|9 7
|
| 072 |
|
7 |
|a 929
|x Biografie
|2 Konspekt
|9 8
|
| 080 |
|
|
|a 39-051
|2 MRF
|
| 080 |
|
|
|a 910.4-051
|2 MRF
|
| 080 |
|
|
|a 929
|2 MRF
|
| 080 |
|
|
|a 910.4
|2 MRF
|
| 080 |
|
|
|a 39
|2 MRF
|
| 080 |
|
|
|a 908(72+8)
|2 MRF
|
| 080 |
|
|
|a (0:82-992)
|2 MRF
|
| 080 |
|
|
|a (0:82-94)
|2 MRF
|
| 100 |
1 |
|
|a Zelený, Mnislav,
|d 1943-
|7 jk01152402
|4 aut
|
| 245 |
1 |
0 |
|a Na cestě za snem :
|b vandry Latinskou Amerikou /
|c Mnislav Zelený Atapana
|
| 246 |
3 |
0 |
|a Vandry Latinskou Amerikou
|
| 260 |
|
|
|a Praha :
|b Nakladatelství Lidové noviny,
|c 2013
|
| 300 |
|
|
|a 349 s., [20] s. obr. příl. :
|b il. (některé barev.), mapy, portréty, faksim. ;
|c 22 cm
|
| 600 |
1 |
7 |
|a Zelený, Mnislav,
|d 1943-
|7 jk01152402
|2 czenas
|
| 648 |
|
4 |
|a 1969-2013
|
| 648 |
|
7 |
|a 20.-21. století
|7 ch462155
|2 czenas
|
| 650 |
0 |
7 |
|a etnografové
|7 ph120018
|z Česko
|y 20.-21. stol.
|2 czenas
|
| 650 |
0 |
7 |
|a cestovatelé
|7 ph119109
|z Česko
|y 20.-21. stol.
|2 czenas
|
| 650 |
0 |
7 |
|a cesty a pobyt
|7 ph137578
|z Latinská Amerika
|y 20.-21. stol.
|2 czenas
|
| 650 |
0 |
9 |
|a ethnographers
|z Czechia
|y 20th-21st centuries
|2 eczenas
|
| 650 |
0 |
9 |
|a travellers
|z Czechia
|y 20th-21st centuries
|2 eczenas
|
| 650 |
0 |
9 |
|a voyages and travels
|z Latin America
|y 20th-21st centuries
|2 eczenas
|
| 655 |
|
7 |
|a cestopisy
|7 fd131956
|2 czenas
|
| 655 |
|
7 |
|a autobiografické vzpomínky
|7 fd131854
|2 czenas
|
| 655 |
|
9 |
|a books of travels
|2 eczenas
|
| 655 |
|
9 |
|a autobiographical reminiscences
|2 eczenas
|
| 651 |
|
7 |
|a Latinská Amerika
|7 ge129767
|x etnografie
|2 czenas
|
| 651 |
|
7 |
|a Latinská Amerika
|7 ge129767
|x reálie
|2 czenas
|
| 651 |
|
9 |
|a Latin America
|x ethnograpfy
|2 eczenas
|
| 651 |
|
9 |
|a Latin America
|x history and geography
|2 eczenas
|
| 910 |
2 |
|
|a BOA001
|b 2-1322.658
|
| 928 |
9 |
|
|a NLN, Nakladatelství Lidové noviny
|
| 990 |
|
|
|a BK
|
| 995 |
|
|
|a 01
|
| 991 |
|
|
|b 201403
|c NOV
|e n
|
| 996 |
6 |
|
|b 2610582995
|c 2-1322.658
|l MZK
|r Sklad / do 1 hodiny
|n 9
|p p.v.
|w 001405265
|u 000010
|a 1
|e BOA001
|j MZK50
|s P
|